| 000 | 00398nam a22001577a 4500 | ||
|---|---|---|---|
| 003 | macl | ||
| 005 | 20180725171328.0 | ||
| 008 | 180725b xxu||||| |||| 00| 0 eng d | ||
| 040 | _cmacl | ||
| 082 | _a920/SIN | ||
| 100 |
_aSaroj kumar singh _972808 |
||
| 245 | _aLife and works of veer saverkar | ||
| 260 |
_aDelhi _bApple acadimc press _c2015 |
||
| 650 |
_aBiography _972809 |
||
| 942 |
_2ddc _cBK |
||
| 999 |
_c58263 _d58263 |
||